000 00360cam a22001337a 4500
008 180718b1997 xxu||||| |||| 00| 0 eng d
020 _a8122004873
082 _aH5x54 B469
100 _aBhardwaj, H.R.
245 _aLaw lawyers and judges
_cby H.R. Bhardwaj
260 _aDelhi
_bKonark
_c1997
300 _a176p.
650 _aJustice, Administration of --India
999 _c382117
_d382117